000
00231nam a2200097Ia 4500
008
240331s9999 xx 000 0 und d
082
_b
SEA
100
_a
Seager, J
245
0
_a
Women in the world :
_b
an International atlas
942
_c
L
999
_c
1702
_d
1702